00286 a2200097 4500001001000000005001700010008004100027245003200068100002100100773006700121ART_2588420260410161602.0260409a 10aResponsabilidad profesional1 aWainstein, Mario0 tProfesional & Empresariag- Año V, Nº 63 (dic. 2004)wREV70